Normal view
MARC view
- Schumacher, Markus
Entry Personal Name
001 - CONTROL NUMBER
- control field: 100807
003 - CONTROL NUMBER IDENTIFIER
- control field: NUST
005 - DATE AND TIME OF LATEST TRANSACTION
- control field: 20221019132823.0
008 - FIXED-LENGTH DATA ELEMENTS
- fixed length control field: 221019|| aca||aabn | a|a d
040 ## - CATALOGING SOURCE
- Original cataloging agency: NUST
- Transcribing agency: NUST
100 ## - HEADING--PERSONAL NAME
- Personal name: Schumacher, Markus
670 ## - SOURCE DATA FOUND
- Source citation: Work cat.: (NUST)0: Schumacher, Markus 100805, Security patterns :, c2006.
